000 00451nam a2200193Ia 4500
008 210210b1946 xxu||||| |||| 00| 0 eng d
041 _aeng
082 _a887/43
100 _aRAO (U V K)
245 _aHandbook of classical sanskrit literature
260 _aMaDras
_b-
_c1946
650 _asanskrit
650 _aof
650 _aliterature
650 _aHandbook
650 _aclassical
690 _aSanskrit Literature
906 _a024641
999 _c150264
_d150264